[Event "Groningen op 60th"]
[Site "Groningen"]
[Date "2024.12.30"]
[Round "9"]
[White "Keuning, Selwin"]
[Black "De Boer, Eelke"]
[Result "0-1"]
[WhiteElo "2180"]
[BlackElo "2426"]
[PlyCount "80"]
[EventDate "2024.12.21"]
[EventType "swiss"]
[EventRounds "9"]
[EventCountry "NED"]
[SourceTitle "CB02_2025"]
[SourceDate "2025.01.08"]
[SourceVersion "1"]
[SourceVersionDate "2025.01.08"]
[SourceQuality "1"]

1. e4 c6 2. Nc3 d5 3. Nf3 dxe4 4. Nxe4 Nf6 5. Qe2 Nxe4 6. Qxe4 Be6 7. b3 Nd7 8. Bb2 Nf6 9. Qe3 Bf5 10. Nd4 Nd5 11. Qf3 Bg6 12. h4 h5 13. c4 Nc7 14. g3 e6 15. Bg2 Qd7 16. 0-0 Rh7 17. Ne2 Bf5 18. d4 Be7 19. Nc3 0-0-0 20. Ne4 f6 21. Qe3 Kb8 22. Rfd1 Bg4 23. Rd2 Rhh8 24. a3 Rhe8 25. Bc3 Bf8 26. a4 Na6 27. a5 Qc7 28. Rb2 f5 29. Ng5 f4 30. gxf4 Bd6 31. Bd2 c5 32. dxc5 Bxc5 33. Qe4 Bd4 34. Raa2 Nc5 35. Qg6 Bf5 36. Qxh5 Nd3 37. Rc2 Nxf2 38. Kh2 Rh8 39. Qf7 Rd7 40. Nxe6 Rxh4+ 0-1

[Event "Groningen op 60th"]
[Site "Groningen"]
[Date "2024.12.29"]
[Round "8"]
[White "Bakija, Alan"]
[Black "Keuning, Selwin"]
[Result "1/2-1/2"]
[WhiteElo "2233"]
[BlackElo "2180"]
[PlyCount "83"]
[EventDate "2024.12.21"]
[EventType "swiss"]
[EventRounds "9"]
[EventCountry "NED"]
[SourceTitle "CB02_2025"]
[SourceDate "2025.01.08"]
[SourceVersion "1"]
[SourceVersionDate "2025.01.08"]
[SourceQuality "1"]

1. Nf3 d5 2. g3 c6 3. Bg2 Bf5 4. 0-0 e6 5. b3 Nf6 6. Bb2 h6 7. c4 Be7 8. d3 0-0 9. Nbd2 a5 10. cxd5 cxd5 11. Nd4 Bh7 12. e4 Qb6 13. exd5 Bxd3 14. dxe6 Bc5 15. N2f3 Bxf1 16. exf7+ Rxf7 17. Qxf1 Nbd7 18. Re1 Re8 19. Rxe8+ Nxe8 20. Bh3 Kh8 21. Qc4 Re7 22. Nf5 Nd6 23. Nxd6 Qxd6 24. Kg2 b6 25. a3 Nf8 26. b4 axb4 27. axb4 Bxb4 28. Ne5 Rxe5 29. Bxe5 Qxe5 30. Qxb4 Qd5+ 31. Kg1 Qc5 32. Qxc5 bxc5 33. Kf1 Kg8 34. Ke2 Kf7 35. Kd3 Ke7 36. Kc4 Kd6 37. Bf5 Ke5 38. g4 Kd6 39. f3 g6 40. Be4 Nd7 41. h4 g5 42. hxg5 1/2-1/2

[Event "Groningen op 60th"]
[Site "Groningen"]
[Date "2024.12.27"]
[Round "6"]
[White "Van der Hagen, Loek"]
[Black "Keuning, Selwin"]
[Result "1/2-1/2"]
[WhiteElo "2315"]
[BlackElo "2180"]
[PlyCount "64"]
[EventDate "2024.12.21"]
[EventType "swiss"]
[EventRounds "9"]
[EventCountry "NED"]
[SourceTitle "CB02_2025"]
[SourceDate "2025.01.08"]
[SourceVersion "1"]
[SourceVersionDate "2025.01.08"]
[SourceQuality "1"]

1. e4 c5 2. Nf3 Nc6 3. d4 cxd4 4. Nxd4 e6 5. Nc3 Qc7 6. Be3 a6 7. Qf3 h5 8. 0-0-0 b5 9. Qg3 Qxg3 10. hxg3 Bc5 11. Nf5 Bxe3+ 12. Nxe3 Bb7 13. f3 Nge7 14. a4 b4 15. Ne2 0-0-0 16. Nf4 g6 17. Nc4 Kc7 18. e5 Nf5 19. Rh3 d5 20. exd6+ Nxd6 21. Nxd6 Rxd6 22. Rxd6 Kxd6 23. Bc4 Rc8 24. Rh1 Nd4 25. b3 e5 26. Rd1 Ke7 27. Nd3 f6 28. Nxb4 a5 29. Na2 Nf5 30. Bd3 Nxg3 31. c4 g5 32. Nc3 f5 1/2-1/2

[Event "Groningen Combinatie op"]
[Site "Groningen"]
[Date "2023.05.19"]
[Round "2"]
[White "Basinas, Konstantinos"]
[Black "Keuning, Selwin"]
[Result "1/2-1/2"]
[WhiteElo "1902"]
[BlackElo "2148"]
[PlyCount "40"]
[EventDate "2023.05.18"]
[EventType "swiss"]
[EventRounds "7"]
[EventCountry "NED"]
[SourceTitle "CBM 214 Extra"]
[Source "ChessBase"]
[SourceDate "2023.07.31"]
[SourceVersion "1"]
[SourceVersionDate "2023.07.31"]
[SourceQuality "1"]

1. e4 c5 2. Nf3 e6 3. d4 cxd4 4. Nxd4 Nc6 5. Nc3 Qc7 6. g3 a6 7. Bg2 Nf6 8. 0-0 Nxd4 9. Qxd4 Bc5 10. Qd3 Ng4 11. Qe2 h5 12. Bf4 Ne5 13. Kh1 b5 14. Bxe5 Qxe5 15. f4 Qc7 16. e5 Bb7 17. Ne4 Be7 18. Rac1 Rc8 19. Rfd1 h4 20. g4 h3 1/2-1/2

[Event "Groninger Combinatie op"]
[Site "Groningen"]
[Date "2019.06.01"]
[Round "4"]
[White "Keuning, Selwin"]
[Black "Zwirs, Nico"]
[Result "0-1"]
[WhiteElo "2070"]
[BlackElo "2386"]
[PlyCount "66"]
[EventDate "2019.05.30"]
[EventType "swiss"]
[EventRounds "7"]
[EventCountry "NED"]
[SourceTitle "CBM 190 Extra"]
[Source "ChessBase"]
[SourceDate "2019.07.15"]
[SourceVersion "1"]
[SourceVersionDate "2019.07.15"]
[SourceQuality "1"]

1. e4 e5 2. Nf3 Nc6 3. Nc3 g6 4. d4 exd4 5. Nxd4 Bg7 6. Be3 Nf6 7. Bc4 0-0 8. f3 Re8 9. 0-0 Na5 10. Be2 d5 11. Bg5 h6 12. Bh4 c5 13. Nb3 g5 14. Bf2 d4 15. Nb5 Nxb3 16. axb3 a6 17. Na3 Nh5 18. g3 Be6 19. Qd2 Qc7 20. Rfe1 Rad8 21. Bf1 b5 22. Rad1 Be5 23. Bg2 Ng7 24. Nb1 f6 25. Qc1 h5 26. Nd2 h4 27. Nf1 hxg3 28. Nxg3 Kf7 29. Re2 Rh8 30. Be1 Nh5 31. Nf1 Nf4 32. Red2 Nxg2 33. Rxg2 Bh3 0-1

[Event "Groninger Combinatie op"]
[Site "Groningen"]
[Date "2019.05.31"]
[Round "2"]
[White "Keuning, Selwin"]
[Black "Colbow, Collin"]
[Result "1-0"]
[WhiteElo "2070"]
[BlackElo "2169"]
[PlyCount "45"]
[EventDate "2019.05.30"]
[EventType "swiss"]
[EventRounds "7"]
[EventCountry "NED"]
[SourceTitle "CBM 190 Extra"]
[Source "ChessBase"]
[SourceDate "2019.07.15"]
[SourceVersion "1"]
[SourceVersionDate "2019.07.15"]
[SourceQuality "1"]

1. e4 c5 2. c3 Nf6 3. e5 Nd5 4. Nf3 e6 5. Bc4 d6 6. 0-0 Nc6 7. d4 cxd4 8. cxd4 Be7 9. Qe2 0-0 10. Nc3 dxe5 11. dxe5 Nxc3 12. bxc3 Qc7 13. Bf4 b6 14. Bd3 Bb7 15. Rfe1 Rfd8 16. Rad1 Rac8 17. Ng5 h6 18. Nh3 Na5 19. Qg4 Kf8 20. Re3 Qxc3 21. Rg3 g5 22. Qh5 Ke8 23. Bb5+ 1-0

[Event "Nancy Meurthe rapid 17th"]
[Site "Nancy"]
[Date "2019.02.24"]
[Round "4"]
[White "Keuning, Selwin"]
[Black "Gevorgyan, David"]
[Result "0-1"]
[WhiteElo "2072"]
[BlackElo "2330"]
[PlyCount "77"]
[EventDate "2019.02.24"]
[EventType "swiss (rapid)"]
[EventRounds "9"]
[EventCountry "FRA"]
[SourceTitle "CBM 189 Extra"]
[Source "ChessBase"]
[SourceDate "2019.05.31"]
[SourceVersion "1"]
[SourceVersionDate "2019.05.31"]
[SourceQuality "1"]

1. e4 g6 2. d4 Bg7 3. Nf3 d6 4. Be2 Nf6 5. Nc3 0-0 6. 0-0 Nbd7 7. a4 a5 8. Be3 e5 9. dxe5 dxe5 10. Qd2 Re8 11. Rad1 Qe7 12. Bg5 c6 13. Qd6 Qxd6 14. Rxd6 Bf8 15. Rdd1 Bb4 16. Nd2 Kg7 17. f3 Nh5 18. Nc4 Bc5+ 19. Be3 Nf4 20. Bxc5 Nxc5 21. Nb6 Rb8 22. Nxc8 Nxe2+ 23. Nxe2 Rbxc8 24. b3 Rcd8 25. Kf2 f5 26. exf5 gxf5 27. g4 e4 28. gxf5 e3+ 29. Kg3 Kf6 30. Kf4 Rd2 31. Ng3 Rxc2 32. Rfe1 e2 33. Rd6+ Kf7 34. Ne4 Nxb3 35. Rd7+ Re7 36. Nd6+ Kf8 37. Rd8+ Kg7 38. Rg1+ Kh6 39. f6 0-1

[Event "Wroclaw Anderssen Memorial op"]
[Site "Wroclaw"]
[Date "2018.08.05"]
[Round "11"]
[White "Swicarz, Maciej"]
[Black "Keuning, Selwin"]
[Result "1-0"]
[WhiteElo "2312"]
[BlackElo "2030"]
[PlyCount "77"]
[EventDate "2018.08.04"]
[EventType "swiss (rapid)"]
[EventRounds "13"]
[EventCountry "POL"]
[SourceTitle "CBM 185 Extra"]
[Source "ChessBase"]
[SourceDate "2018.07.29"]
[SourceVersion "1"]
[SourceVersionDate "2018.07.29"]
[SourceQuality "1"]

1. b4 Nf6 2. Bb2 e6 3. a3 c5 4. bxc5 Bxc5 5. d4 Be7 6. c4 d5 7. e3 0-0 8. Nf3 b6 9. Nbd2 Bb7 10. Bd3 Nc6 11. 0-0 Rc8 12. Qe2 Re8 13. Bc2 Ba6 14. Bd3 Bd6 15. e4 dxe4 16. Nxe4 Nxe4 17. Qxe4 g6 18. Rfd1 Qc7 19. Qh4 f5 20. Ng5 Bf8 21. Re1 Qd7 22. Rad1 h6 23. Nf3 Bg7 24. Qf4 Qf7 25. h4 Kh7 26. Rc1 Qc7 27. Qe3 Bb7 28. Qd2 Na5 29. h5 g5 30. Rxe6 Be4 31. Rxe8 Rxe8 32. Qd1 Qf4 33. c5 g4 34. Ne5 Bxe5 35. dxe5 Rd8 36. cxb6 Rxd3 37. Rc7+ Kg8 38. Qa4 Bc6 39. Qxf4 1-0

[Event "Wroclaw op"]
[Site "Wroclaw"]
[Date "2018.08.04"]
[Round "9"]
[White "Kubicka, Anna"]
[Black "Keuning, Selwin"]
[Result "1-0"]
[WhiteElo "2172"]
[BlackElo "2030"]
[PlyCount "43"]
[EventDate "2018.07.30"]
[EventType "swiss"]
[EventRounds "9"]
[EventCountry "POL"]
[SourceTitle "CBM 185 Extra"]
[Source "ChessBase"]
[SourceDate "2018.07.29"]
[SourceVersion "1"]
[SourceVersionDate "2018.07.29"]
[SourceQuality "1"]

1. e4 c5 2. Nf3 Nc6 3. d4 cxd4 4. Nxd4 g6 5. c4 Nf6 6. Nc3 d6 7. Be2 Nxd4 8. Qxd4 Bg7 9. Be3 0-0 10. Qd2 Be6 11. 0-0 Qa5 12. Rac1 Rfc8 13. b3 Ng4 14. Bxg4 Bxg4 15. Bd4 Bxd4 16. Qxd4 Qc5 17. Qd2 Be6 18. Kh1 Qh5 19. f4 Rc5 20. Rf3 a6 21. f5 gxf5 22. Rh3 1-0

[Event "Groningen Combinatie op"]
[Site "Groningen"]
[Date "2018.05.11"]
[Round "3"]
[White "Keuning, Selwin"]
[Black "Vermeulen, Frans"]
[Result "1-0"]
[WhiteElo "2013"]
[BlackElo "1883"]
[PlyCount "67"]
[EventDate "2018.05.10"]
[EventType "swiss"]
[EventRounds "7"]
[EventCountry "NED"]
[SourceTitle "CBM 184 Extra"]
[Source "ChessBase"]
[SourceDate "2018.06.28"]
[SourceVersion "1"]
[SourceVersionDate "2018.06.28"]
[SourceQuality "1"]

1. e4 e5 2. Nf3 Nc6 3. Nc3 Nf6 4. Bb5 Nd4 5. Ba4 Bc5 6. Nxe5 Qe7 7. Nd3 b5 8. 0-0 bxa4 9. e5 Bb7 10. exf6 gxf6 11. Re1 Ne6 12. Nxc5 Qxc5 13. Ne4 Qf5 14. Qg4 Qxg4 15. Nxf6+ Kf8 16. Nxg4 Rg8 17. Ne3 Nf4 18. g3 Re8 19. d3 Nh3+ 20. Kf1 Rg5 21. Bd2 Rh5 22. Nf5 Re6 23. Rxe6 fxe6 24. g4 Bf3 25. gxh5 exf5 26. Re1 f4 27. Re5 Kf7 28. Bxf4 Kf6 29. Re3 Bg2+ 30. Kxg2 Nxf4+ 31. Kf3 Nxh5 32. Re4 a3 33. bxa3 Ng7 34. Ra4 1-0

[Event "Enschede op-D U14"]
[Site "Enschede"]
[Date "2009.08.03"]
[Round "5"]
[White "Keuning, Selwin"]
[Black "Mollema, Thomas"]
[Result "0-1"]
[WhiteElo "1475"]
[BlackElo "1653"]
[PlyCount "42"]
[EventDate "2009.08.03"]
[EventType "swiss"]
[EventRounds "9"]
[EventCountry "NED"]
[SourceTitle "CBM 132 Extra"]
[Source "ChessBase"]
[SourceDate "2009.11.03"]
[SourceVersion "1"]
[SourceVersionDate "2009.11.03"]
[SourceQuality "1"]

1. e4 e5 2. Nf3 Nc6 3. Bb5 a6 4. Ba4 Nf6 5. 0-0 Be7 6. Re1 b5 7. Bb3 0-0 8. c3 d5 9. exd5 Nxd5 10. Nxe5 Nxe5 11. Rxe5 c6 12. d3 Bd6 13. Re1 Qh4 14. g3 Qh3 15. Nd2 Bg4 16. f3 Bxg3 17. Nf1 Bxe1 18. Qxe1 Bxf3 19. Qf2 Rae8 20. Ng3 Re1+ 21. Nf1 Re2 0-1